Analytic number theory /
Guardado en:
| Autor Principal: | |
|---|---|
| Formato: | Libro |
| Idioma: | English |
| Publicado: |
Englewood Cliffs, N.J. :
Prentice-Hall,
c1971.
|
| Materias: | |
| Etiquetas: |
Agregar Etiqueta
Sin Etiquetas, Sea el primero en etiquetar este registro!
|
| LEADER | 00746nam a2200217 a 4500 | ||
|---|---|---|---|
| 001 | MAT.inmabb003114 | ||
| 008 | 710721s1971####nju######b####001#0#eng## | ||
| 005 | 20130227124015.0 | ||
| 245 | 1 | 0 | |a Analytic number theory / |c Larry Joel Goldstein. |
| 260 | |a Englewood Cliffs, N.J. : |b Prentice-Hall, |c c1971. | ||
| 300 | |a xv, 282 p. ; |c 24 cm. | ||
| 504 | |a Bibliografía: p. 277-278. | ||
| 500 | |a "This book grew out of a course that the author gave at Yale University in the spring of 1968."--Preface. | ||
| 510 | 4 | |a MR, |c 58 #16471 | |
| 020 | |a 0130348430 | ||
| 100 | 1 | |a Goldstein, Larry Joel. | |
| 650 | 0 | |a Algebraic number theory. | |
| 084 | |a 11-01 |2 msc2000 | ||
| 010 | |a 77140688 | ||
| 040 | |a DLC |c DLC |d DLC | ||
| 859 | |h 11 |i G624 |p A-4319 |b BIB. MATEMATICA | ||
